| 000 | 00637nam a22001937a 4500 | ||
|---|---|---|---|
| 003 | CEME | ||
| 005 | 20210628203545.0 | ||
| 008 | 210119b xxu||||| |||| 00| 0 eng d | ||
| 020 | _a9812-53-049-5 | ||
| 040 | _c. | ||
| 082 | _a658 LAW | ||
| 100 |
_aLawrence, John.A, Pasternack, Barry.A _966242 |
||
| 245 | _aApplied management science, modeling, spreadsheet analysis and communication for decision making | ||
| 250 | _a2ND | ||
| 260 |
_aINDIA _bJOHN WILEY _c2004 |
||
| 300 | _aXXI,650P | ||
| 650 |
_aMANAGEMENT-MATHEMATICAL MODELS.DECISION SUPPORT SYSTEMS.COMMUNICATION IN MANAGEMENT.MANAGEMENT SCIENCE _966243 |
||
| 942 |
_cBK _2ddc |
||
| 999 |
_c574232 _d574232 |
||